Statistics for All Dragon Type Moves Of Pokemon. Contains a Z-MOVE

Click here to take the quiz!

General Stats

  • This quiz has been taken 64 times
  • The average score is 12 of 17

Answer Stats

Answer% Correct
Dragon Claw
96%
Dragon Rage
89%
Draco Meteor
85%
Dragon Pulse
83%
Dragon Rush
83%
Dragon Breath
81%
Dragon Tail
81%
Outrage
79%
Dragon Dance
77%
Z-MOVEDevastating Drake
74%
Twister
74%
Roar Of Time
68%
Spacial Rend
66%
Dual Chop
64%
Clanging Scales
53%
Dragon Hammer
34%
Core Enforcer
30%

Score Distribution

Percentile by Number Answered

Percent of People with Each Score

Your Score History

You have not taken this quiz